Seashells : A portrait of the animal world
| Main Author: | |
|---|---|
| Format: | Book |
| Published: |
Australia :
Universal international pty.ltd. ,
1996
|
MARC
| LEADER | 00000cam a2200000 7i4500 | ||
|---|---|---|---|
| 001 | 0000063469 | ||
| 005 | 20160530.0 | ||
| 008 | 160530 | ||
| 020 | |a 187614209X | ||
| 090 | 0 | 0 | |a 594 |b CLE |
| 100 | 1 | |a Cleave,Andrew | |
| 245 | 1 | 0 | |a Seashells : |b A portrait of the animal world |c Andrew Cleave |
| 260 | |a Australia : |b Universal international pty.ltd. , |c 1996 | ||
| 999 | |a 0000760382 |b Book |c Adult Collection |e Cawangan Pontian | ||